LEADER 01005nam a2200241 i 4500 001 000000118789 003 CaOOAMICUS 005 20040610000000.0 008 040610s1966 it u000 u ita u 013 $a91482 040 $aSeMil$bita 245 10$aBosch /$cMario Bussagli. 260 $aFirenze :$bSadea Sansoni,$ccopyr. 1966. 300 $a39 p., 79 p. di tav. :$bill. ;$c18 cm. 490 0 $aI diamanti dell'arte : biblioteca di pittura, scultura e architettura ;$v16 600 14$aBosch, Hieronymus <1453-1516>.$0(OLS)http://semarc/subject/5787 700 1 $aBussagli, Mario.$0(OLS)http://semarc/name/18595 700 1 $aBosch, Hieronymus <1453-1516>.$0(OLS)http://semarc/name/49569 830 2$aI diamanti dell'arte ;$v16.$0(OLS)http://semarc/title/15551 850 $aSeMil 852 $aSeMil$W1$xVenegono$y1$m5P I 51$j74055$B74055$CSeMilBibl$Z2$F83745 $81 996 $6245$aBosch$9(OLS)http://semarc/title/174511 996 $6260$aFirenze :$bSadea Sansoni$9(OLS)http://semarc/publisher/33238 LEADER 01108nam a2200229 4500 001 000000366645 003 CaOOAMICUS 005 20260305171749.0 008 260302s1987 it a 000 u ita r 040 $aSeMil$bita 100 1 $aBora, Giulio.$0(OLS)http://semarc/name/18692 245 10$aDue tavole leonardesche :$bnuove indagini sul Musico e sul San Giovanni dell'Ambrosiana /$cGiulio Bora. 264 1$aVicenza :$bNeri Pozza,$c1987. 300 $a70 p. :$bill. ;$c24 cm 650 4$aLeonardo : da Vinci <1452-1519> - Dipinti . Ritratto di musico.$0(OLS)http://semarc/subject/59716 650 4$aLeonardo : da Vinci <1452-1519> - Dipinti . San Giovanni Battista.$0(OLS)http://semarc/subject/59717 850 $aSeMil 852 $aSeMil$W1$xVenegono$y1$m5E VI 72$j268241$B257423$CSeMilBibl$Z2$F257423 $81 961 $aBuzzi mons. Franco - Omaggio 996 $6245$aDue tavole leonardesche :$bnuove indagini sul Musico e sul San Giovanni dell'Ambrosiana$9(OLS)http://semarc/title/458410 996 $6264$aVicenza :$bNeri Pozza$9(OLS)http://semarc/publisher/32468